Resistencia de materiales : nivel básico /

Contenido: Introducción a la resisitencia de materiales; Fundamentos de resistencia de materiales; Análisis de los esfuerzos normales; Análisis de la cortadura pura; Análisis de la flexión; Análisis de la torsión; Análisis general del problema elástico; Anexos.

Gespeichert in:
Bibliographische Detailangaben
1. Verfasser: Martínez de Pisón, Eduardo (autor)
Format: Buch
Sprache:Spanisch
Veröffentlicht: Logroño, España : Universidad de La Rioja, 1999, c1999
Schriftenreihe:(Material Didáctico. Ingenierías ; 7)
Schlagworte:
Tags: Tag hinzufügen
Keine Tags, Fügen Sie das erste Tag hinzu!

MARC

LEADER 00000nam^a2200000^a^4500
001 000157483
005 20250521000000.0
009 20260310100538.998
020 |a 84-95301-14-8 
037 |a Acervo ITESO - Biblioteca 
041 |a ESP 
082 |a 620. 112  |b MAR 
100 |a Martínez de Pisón, Eduardo  |e (autor) 
245 1 0 |a Resistencia de materiales :  |b nivel básico /  |c E. Martínez de Pisón. 
264 4 |a Logroño, España :  |b Universidad de La Rioja,  |c 1999, c1999 
300 |a 307 p. 
336 |a texto  |b txt  |2 rdacontenido 
337 |a sin mediación  |b n  |2 rdamedio 
338 |a volumen  |b nc  |2 rdasoporte 
440 1 |a (Material Didáctico.  |p Ingenierías ;  |v 7) 
520 |a Contenido: Introducción a la resisitencia de materiales; Fundamentos de resistencia de materiales; Análisis de los esfuerzos normales; Análisis de la cortadura pura; Análisis de la flexión; Análisis de la torsión; Análisis general del problema elástico; Anexos. 
649 |a XX 
650 |a Elasticidad 
650 |a Estabilidad Estructural 
650 |a Deformación 
650 |a Torsión 
650 |a Sólidos Elásticos 
650 |a Resistencia de Materiales 
650 |a Física del Estado Sólido 
650 |a Física Nuclear 
650 |a Geometría Plana 
650 |a Estática 
650 |a Dinámica de Fluidos 
650 |a Mecánica del Continuo 
650 |a Mecánica 
650 |a Física 
650 |a Ingeniería Mecánica 
910 |a Fondo General 
920 |a Impresos - Libros 
930 |a Colección General 
905 |a 101 
901 |a 0500087058  |b IT1  |c ACC  |u 20250521 
902 |a https://opac.biblio.iteso.mx/vufind/Record/000157483